El dinero en la sociedad moderna / (Registro nro. 8236)
[ vista simple ]
| 000 -LEADER | |
|---|---|
| fixed length control field | 01589nam a2200253Ia 4500 |
| 003 - CONTROL NUMBER IDENTIFIER | |
| control field | OSt |
| 005 - DATE AND TIME OF LATEST TRANSACTION | |
| control field | 20210809122359.0 |
| 008 - FIXED-LENGTH DATA ELEMENTS--GENERAL INFORMATION | |
| fixed length control field | 210310t1949 mx fr 001 0 spa d |
| 040 ## - CATALOGING SOURCE | |
| Original cataloging agency | CO-JMCR |
| Transcribing agency | CO-JMCR |
| 041 1# - LANGUAGE CODE | |
| Language code of text/sound track or separate title | spa |
| Language code of original | eng |
| 082 04 - DEWEY DECIMAL CLASSIFICATION NUMBER | |
| Classification number | 332.4 / |
| Item number | R658d |
| Edition number | 23 |
| 100 1# - MAIN ENTRY--PERSONAL NAME | |
| Personal name | Robinson, Hendley W., |
| 9 (RLIN) | 16708 |
| Relator term | autor |
| 245 13 - TITLE STATEMENT | |
| Title | El dinero en la sociedad moderna / |
| Statement of responsibility, etc. | Hendley W. Robinson ; traducción del inglés por Ramon Verea Rial ; introducción de Manuel de Torres |
| 260 ## - PUBLICATION, DISTRIBUTION, ETC. | |
| Place of publication, distribution, etc. | México : |
| Name of publisher, distributor, etc. | Aguilar, |
| Date of publication, distribution, etc. | 1949 |
| 300 ## - PHYSICAL DESCRIPTION | |
| Extent | xxv, 302 páginas ; |
| Dimensions | 19 cm. |
| 490 0# - SERIES STATEMENT | |
| Series statement | Biblioteca de Ciencias Económicas, Políticas y Sociales. Economía |
| 500 ## - GENERAL NOTE | |
| General note | Incluye índice alfabético.<br/>Título original: Money and the citizen<br/> |
| 505 0# - FORMATTED CONTENTS NOTE | |
| Formatted contents note | El génesis del dinero -- El Banco de Inglaterra -- El sistema bancario inglés y el escocés -- El comerciante-banquero: el banco imperial y los bancos extranjeros -- La letra de cambio y los cheques -- La teoría cuantitativa del dinero -- Los sistemas monetarios: el bimetalismo y el patrón oro -- La guerra y el patrón oro -- La técnica de la contabilidad bancaria -- El control del nivel de precio -- La regulación del dinero -- La "Clearing House" de los banqueros -- Servicios especiales prestados por el banquero moderno -- El tipo de cambio con extranjero -- El sistema de cambios cerrados -- La economía de la guerra total |
| 546 ## - LANGUAGE NOTE | |
| Language note | Traducido del inglés. |
| 650 14 - SUBJECT ADDED ENTRY--TOPICAL TERM | |
| Topical term or geographic name entry element | Moneda |
| 9 (RLIN) | 16710 |
| General subdivision | Economía |
| 700 1# - ADDED ENTRY--PERSONAL NAME | |
| Personal name | Verea Rial, Ramon, |
| Relator term | traductor |
| 9 (RLIN) | 39005 |
| 700 1# - ADDED ENTRY--PERSONAL NAME | |
| Personal name | Torres Manuel de, |
| Relator term | autor introducción |
| 9 (RLIN) | 3623 |
| 942 ## - ADDED ENTRY ELEMENTS (KOHA) | |
| Source of classification or shelving scheme | Dewey Decimal Classification |
| Koha item type | Books |
| Withdrawn status | Lost status | Source of classification or shelving scheme | Damaged status | Not for loan | Collection code | Home library | Current library | Date acquired | Source of acquisition | Full call number | Barcode | Date last seen | Copy number | Koha item type |
|---|---|---|---|---|---|---|---|---|---|---|---|---|---|---|
| Dewey Decimal Classification | Non-fiction | Biblioteca Pública José María del Castillo y Rada | Biblioteca Pública José María del Castillo y Rada | 04/15/2018 | Donación | 332.4 / R658d | 430002787 | 05/16/2024 | Ej.1 | Books |